000 01256nam a2200337 i 4500
003 EG-GICUC
005 20260224131023.0
008 260224s1990 ua ||||fr|||| 00| 0 ara d
017 _a1990/2962
020 _a97700-0542
040 _a EG-GICUC
_bara
_c EG-GICUC
_d EG-GICUC
_erda
041 0 _aara
082 0 4 _221
_a345.8.056.7
_bز ي . م
092 0 4 _221
099 _aLaw1 07 ز ي . م 345.8.056.71990
100 0 _aزين بدر فراج
_eمؤلف.
245 1 0 _aميلاد القضاء الادارى العراقى :
_bفى يناير ١٩٩٠ دراسة مقارنة في ضوء القضاء الادارى المصري /
_cدكتور زين بدر فراج.
264 1 _aالقاهرة :
_bدار النهضة العربية،
_c1990.
300 _a460 ؛ صفحة
_c24 سم.
336 _2rda content
_atext
337 _2rda media
_aComputer
338 _2rda carrier
_aOnline Resource
500 _a
504 _a452-460ببليوجرافيا: صفحات.
546 _aالنص باللغة العربية
650 1 4 _aالقانون الإداري
650 1 4 _aالقضاء الإداري ووظائفه
856 4 0 _uhttps://fll.law.cu.edu.eg/fulltext/bks/B07-03388.pdf
905 _a77
942 _2ddc
_n0
_cBK
_e21
999 _c64112
_d64112